Loading...

Rithusamharam

Bibliografiske detaljer
Hovedforfatter: K.V.Joseph
Udgivet: NBS
LEADER 00170 a2200097 4500
020
260 |b NBS 
942 |c BK  |6 _ 
245 |a Rithusamharam  
100 |a K.V.Joseph 
999 |c 62215  |d 62215